|
|
|
|
| LEADER |
00000cam a22000004a 4500 |
| 001 |
musev2_1333 |
| 003 |
MdBmJHUP |
| 005 |
20230905040213.0 |
| 006 |
m o d |
| 007 |
cr||||||||nn|n |
| 008 |
091019s2010 msu o 00 0 eng d |
| 010 |
|
|
|z 2009043743
|
| 020 |
|
|
|a 9781604734263
|
| 020 |
|
|
|z 1604734256
|
| 020 |
|
|
|z 9781604734256
|
| 020 |
|
|
|z 1604734264
|
| 035 |
|
|
|a (OCoLC)642205572
|
| 040 |
|
|
|a MdBmJHUP
|c MdBmJHUP
|
| 043 |
|
|
|a n-us-pa
|
| 050 |
0 |
4 |
|a KF373.A385
|b C36 2010
|
| 082 |
0 |
|
|a 340.092
|a B
|2 22
|
| 100 |
1 |
|
|a Canton, David A.
|
| 245 |
1 |
0 |
|a Raymond Pace Alexander :
|b A New Negro Lawyer Fights for Civil Rights in Philadelphia /
|c David A. Canton.
|
| 264 |
|
1 |
|a Jackson, Miss. :
|b University Press of Mississippi,
|c 2010.
|
| 264 |
|
3 |
|a Baltimore, Md. :
|b Project MUSE,
|c 2012
|
| 264 |
|
4 |
|c ©2010.
|
| 300 |
|
|
|a 1 online resource (272 pages):
|b ill., ;
|
| 336 |
|
|
|a text
|b txt
|2 rdacontent
|
| 337 |
|
|
|a computer
|b c
|2 rdamedia
|
| 338 |
|
|
|a online resource
|b cr
|2 rdacarrier
|
| 490 |
0 |
|
|a Margaret Walker Alexander Series in African American Studies
|
| 504 |
|
|
|a Includes bibliographical references (p. 215-226) and index.
|
| 505 |
0 |
|
|a The origin of a new Negro lawyer, 1898-1924 -- Using the left to fight for what is right : civil rights law and radicalism, 1925-1935 -- Making a national movement local : the civil rights struggle in Philadelphia, 1936-1948 -- The Cold War, northern Scottsboro, and the politics of civil rights, 1949-1953 -- Participating in the civil rights movement from the bench, 1954-1964 -- A new Negro judge in black power America, 1965-1974.
|
| 588 |
|
|
|a Description based on print version record.
|
| 600 |
1 |
0 |
|a Alexander, Raymond Pace,
|d 1898-1974.
|
| 650 |
|
0 |
|a Civil rights
|z Pennsylvania
|x History
|y 20th century.
|
| 650 |
|
0 |
|a African Americans
|z Pennsylvania
|z Philadelphia
|v Biography.
|
| 650 |
|
0 |
|a African American lawyers
|z Pennsylvania
|z Philadelphia
|v Biography.
|
| 655 |
|
7 |
|a Electronic books.
|2 local
|
| 710 |
2 |
|
|a Project Muse.
|e distributor
|
| 830 |
|
0 |
|a Margaret Walker Alexander series in African American studies.
|
| 830 |
|
0 |
|a Book collections on Project MUSE.
|
| 856 |
4 |
0 |
|z Texto completo
|u https://projectmuse.uam.elogim.com/book/1333/
|
| 945 |
|
|
|a Project MUSE - Custom Collection
|
| 945 |
|
|
|a Project MUSE - 2010 US Regional Studies, New England and Mid Atlantic
|
| 945 |
|
|
|a Project MUSE - 2010 Complete
|